[Event "Reykjavik Congress"]
[Site "Reykjavik"]
[Date "2020.01.26"]
[Round "7"]
[White "Bjornsson, Eirikur K"]
[Black "Fridjonsson, Julius"]
[Result "1/2-1/2"]
[WhiteElo "1954"]
[BlackElo "2117"]
[PlyCount "44"]
[EventDate "2020.01.05"]
[EventType "swiss"]
[EventRounds "9"]
[EventCountry "ISL"]
[SourceTitle "CBM 194 Extra"]
[Source "ChessBase"]
[SourceDate "2020.03.31"]
[SourceVersion "1"]
[SourceVersionDate "2020.03.31"]
[SourceQuality "1"]

1. c4 e5 2. Nc3 f5 3. d4 e4 4. Nh3 Nf6 5. Bg5 Be7 6. e3 0-0 7. Nf4 d6 8. Qb3 c6 9. 0-0-0 Na6 10. f3 Ne8 11. c5+ Kh8 12. Bxe7 Qxe7 13. fxe4 fxe4 14. cxd6 Nxd6 15. h4 Nc7 16. h5 Be6 17. Qc2 Nd5 18. Ncxd5 Bxd5 19. Kb1 Nf5 20. g4 Nh6 21. Be2 Nf7 22. Qc5 Qg5 1/2-1/2

[Event "Reykjavik Congress"]
[Site "Reykjavik"]
[Date "2020.01.15"]
[Round "4"]
[White "Briem, Stephan"]
[Black "Fridjonsson, Julius"]
[Result "0-1"]
[WhiteElo "2197"]
[BlackElo "2117"]
[PlyCount "136"]
[EventDate "2020.01.05"]
[EventType "swiss"]
[EventRounds "9"]
[EventCountry "ISL"]
[SourceTitle "CBM 194 Extra"]
[Source "ChessBase"]
[SourceDate "2020.03.31"]
[SourceVersion "1"]
[SourceVersionDate "2020.03.31"]
[SourceQuality "1"]

1. d4 d5 2. c4 c6 3. Nc3 Nf6 4. cxd5 cxd5 5. f3 Qb6 6. e4 dxe4 7. fxe4 e5 8. Bb5+ Nc6 9. d5 Bb4 10. Qd3 a6 11. Ba4 Qa5 12. Bd1 Nd4 13. Nge2 0-0 14. 0-0 Nxe2+ 15. Bxe2 Ne8 16. Be3 Bd7 17. Rac1 Rc8 18. Rfe1 Nd6 19. Qb1 Rc7 20. a3 Bc5 21. Bd3 Rfc8 22. Kh1 Bxa3 23. Ne2 Bb4 24. Rxc7 Rxc7 25. Rf1 Bc5 26. Bg5 f6 27. Bh4 Be3 28. Be1 Qa4 29. h3 Qb3 30. Bc3 Bb5 31. Ng3 Bf4 32. Nh5 Bh6 33. Rf3 Bc4 34. Qf1 Bxd3 35. Rxd3 Qc4 36. Qd1 Qxe4 37. Rg3 Kh8 38. Qb3 Qc4 39. Qa3 Qxd5 40. Qa4 Qc4 41. Qd1 Qe6 42. Rd3 Ne8 43. Rd8 Rc8 44. Rd7 b5 45. Rb7 Qc6 46. Re7 g6 47. Ng3 Bf8 48. Rf7 Kg8 49. Rd7 Nd6 50. Qg4 Qc4 51. Nh5 Ne8 52. Qg3 Qf1+ 53. Kh2 Qf5 54. Ra7 Qxh5 55. Qd3 Qf5 56. Qd5+ Kh8 57. Qf7 Ng7 58. Rxa6 Nh5 59. Ra7 Bg7 60. Rc7 Rf8 61. Qe7 Rg8 62. Qc5 Qf4+ 63. Kg1 Qc1+ 64. Kh2 Qf4+ 65. Kg1 Ng3 66. Rc8 Ne2+ 67. Kh1 h5 68. Rc6 Ng3+ 0-1

[Event "Reykjavik Congress"]
[Site "Reykjavik"]
[Date "2020.01.12"]
[Round "3"]
[White "Fridjonsson, Julius"]
[Black "Mai, Alexander Oliver"]
[Result "1-0"]
[WhiteElo "2117"]
[BlackElo "1958"]
[PlyCount "149"]
[EventDate "2020.01.05"]
[EventType "swiss"]
[EventRounds "9"]
[EventCountry "ISL"]
[SourceTitle "CBM 194 Extra"]
[Source "ChessBase"]
[SourceDate "2020.03.31"]
[SourceVersion "1"]
[SourceVersionDate "2020.03.31"]
[SourceQuality "1"]

1. c4 e6 2. Nf3 d5 3. g3 Nf6 4. Bg2 Be7 5. 0-0 0-0 6. b3 c5 7. Bb2 Nc6 8. cxd5 Nxd5 9. Nc3 Bf6 10. Rc1 b6 11. Qc2 Nxc3 12. Bxc3 Bxc3 13. Qxc3 Bb7 14. Rfd1 Qe7 15. d4 cxd4 16. Nxd4 Nxd4 17. Rxd4 Rac8 18. Rc4 Rxc4 19. Qxc4 Bxg2 20. Kxg2 Qg5 21. h4 Qe5 22. Qd3 g6 23. Rc4 Qb8 24. Rd4 Qb7+ 25. f3 Qe7 26. b4 Rc8 27. a3 Rc7 28. Rd8+ Kg7 29. Qd4+ e5 30. Qd5 Rb7 31. Kf2 a5 32. Qd6 Qxd6 33. Rxd6 a4 34. b5 Rc7 35. Rc6 Rb7 36. Ke3 f5 37. Kd3 Rd7+ 38. Kc3 Rd1 39. Rxb6 Rb1 40. Kc4 Rb3 41. Re6 e4 42. fxe4 Rxa3 43. Kb4 Rxg3 44. Kxa4 Kf7 45. exf5 gxf5 46. Rh6 Re3 47. Rxh7+ Ke6 48. Rh8 Kd6 49. Rc8 Rxe2 50. b6 Rb2 51. Ka5 f4 52. Rf8 Kc5 53. Rc8+ Kd6 54. Ka6 f3 55. Kb7 f2 56. Rf8 Re2 57. Rf3 Re7+ 58. Ka6 Re2 59. h5 Kc6 60. Rf6+ Kd7 61. h6 Re6 62. Rxf2 Rxh6 63. Rc2 Rh1 64. b7 Ra1+ 65. Kb6 Rb1+ 66. Ka7 Ra1+ 67. Kb8 Rd1 68. Rc4 Rd2 69. Ra4 Rb2 70. Ka7 Kc7 71. Rc4+ Kd7 72. b8Q Ra2+ 73. Kb7 Rb2+ 74. Ka8 Ra2+ 75. Qa7+ 1-0

[Event "Reykjavik Congress"]
[Site "Reykjavik"]
[Date "2020.01.08"]
[Round "2"]
[White "Alexandersson, Orn"]
[Black "Fridjonsson, Julius"]
[Result "0-1"]
[WhiteElo "1550"]
[BlackElo "2117"]
[PlyCount "66"]
[EventDate "2020.01.05"]
[EventType "swiss"]
[EventRounds "9"]
[EventCountry "ISL"]
[SourceTitle "CBM 194 Extra"]
[Source "ChessBase"]
[SourceDate "2020.03.31"]
[SourceVersion "1"]
[SourceVersionDate "2020.03.31"]
[SourceQuality "1"]

1. d4 b6 2. c4 Bb7 3. Nc3 e6 4. Qc2 f5 5. e4 fxe4 6. Nxe4 Nf6 7. Bd3 Bb4+ 8. Bd2 Bxd2+ 9. Kxd2 Nc6 10. Qc3 d5 11. Ng5 Ne4+ 12. Nxe4 dxe4 13. Bxe4 Qf6 14. Bxc6+ Bxc6 15. f3 0-0-0 16. Ne2 Qg5+ 17. Qe3 Qxg2 18. Qxe6+ Kb7 19. d5 Rd6 20. Qg4 Qf2 21. Raf1 Qc5 22. Nc3 g6 23. Re1 Bd7 24. Qf4 Rf8 25. Qxf8 Rxd5+ 26. Nxd5 Qxf8 27. Re7 Kc8 28. f4 c6 29. Rxh7 cxd5 30. Rc1 Qxf4+ 31. Kd1 Bg4+ 32. Kc2 Bf5+ 33. Kd1 Qd4+ 0-1

[Event "ISL-chT1 1920"]
[Site "Reykjavik"]
[Date "2019.10.06"]
[Round "5.3"]
[White "Ragnarsson, Johann Hjortur"]
[Black "Fridjonsson, Julius"]
[Result "1/2-1/2"]
[WhiteElo "1932"]
[BlackElo "2127"]
[PlyCount "100"]
[EventDate "2019.10.03"]
[EventType "team-tourn"]
[EventRounds "9"]
[EventCountry "ISL"]
[SourceTitle "CBM 195 Extra"]
[Source "ChessBase"]
[SourceDate "2020.05.31"]
[SourceVersion "1"]
[SourceVersionDate "2020.05.31"]
[SourceQuality "1"]
[WhiteTeam "Taflfelag Gardjabaejar"]
[BlackTeam "Taflfelag Reykjavikur II"]
[WhiteTeamCountry "ISL"]
[BlackTeamCountry "ISL"]

1. d4 d5 2. Bg5 Bf5 3. e3 c6 4. Nd2 Qb6 5. b3 Nd7 6. Ne2 Ngf6 7. Bf4 e6 8. f3 c5 9. c3 h6 10. g4 Bg6 11. Bg3 Bd3 12. Nf4 Bxf1 13. Kxf1 e5 14. dxe5 Nxe5 15. Qc2 Bd6 16. Kg2 0-0 17. h4 Ng6 18. Nxg6 fxg6 19. Bxd6 Qxd6 20. Qxg6 Qe5 21. Qd3 Qe6 22. g5 Ng4 23. Rae1 Rad8 24. Rh3 Ne5 25. Qe2 h5 26. f4 Ng4 27. Rf3 Rfe8 28. Nf1 Kh8 29. Ng3 g6 30. f5 gxf5 31. Nxh5 d4 32. cxd4 cxd4 33. Nf4 Nxe3+ 34. Rxe3 Qc6+ 35. Kh2 Rxe3 36. Qh5+ Kg8 37. Rxe3 dxe3 38. g6 Rd2+ 39. Kg3 Qc7 40. Qxf5 Qe7 41. h5 e2 42. Qc8+ Rd8 43. Qc4+ Kg7 44. Nxe2 Qg5+ 45. Kf2 Rf8+ 46. Ke1 Qxh5 47. Qc7+ Kxg6 48. Nf4+ Rxf4 49. Qxf4 Qa5+ 50. Kd1 Qxa2 1/2-1/2

[Event "Reykjavik Congress"]
[Site "Reykjavik"]
[Date "2019.01.20"]
[Round "5"]
[White "Fridjonsson, Julius"]
[Black "Briem, Stephan"]
[Result "0-1"]
[WhiteElo "2159"]
[BlackElo "1987"]
[PlyCount "80"]
[EventDate "2019.01.06"]
[EventType "swiss"]
[EventRounds "9"]
[EventCountry "ISL"]
[SourceTitle "CBM 188 Extra"]
[Source "ChessBase"]
[SourceDate "2019.02.28"]
[SourceVersion "1"]
[SourceVersionDate "2019.02.28"]
[SourceQuality "1"]

1. c4 f5 2. g3 d6 3. Bg2 e5 4. d4 e4 5. Nc3 Nf6 6. f3 exf3 7. exf3 c6 8. Nh3 Be7 9. 0-0 0-0 10. Re1 Na6 11. Nf4 Nc7 12. Be3 d5 13. c5 g5 14. Nd3 Ne6 15. Qd2 Nh5 16. Bf2 Bf6 17. Ne5 Qc7 18. b4 Bd7 19. Re2 Rae8 20. Rae1 Bc8 21. Nd1 Re7 22. Nb2 Rfe8 23. Nbd3 Nd8 24. f4 g4 25. h3 Bg7 26. a4 Nf6 27. b5 Ne4 28. Qb4 gxh3 29. Bxh3 Bxe5 30. Nxe5 Rg7 31. Re3 Ne6 32. Kf1 Rf8 33. Bg2 h5 34. b6 axb6 35. cxb6 Qd8 36. Nf3 Qf6 37. Nh4 Nxf2 38. Kxf2 Nxf4 39. Nf3 Nxg2 40. Kxg2 f4 0-1

[Event "Reykjavik op"]
[Site "Reykjavik"]
[Date "2018.03.08"]
[Round "4"]
[White "Fridjonsson, Julius"]
[Black "Puglia, Francesco"]
[Result "1-0"]
[WhiteElo "2167"]
[BlackElo "1878"]
[PlyCount "111"]
[EventDate "2018.03.06"]
[EventType "swiss"]
[EventRounds "9"]
[EventCountry "ISL"]
[SourceTitle "CBM 183 Extra"]
[Source "ChessBase"]
[SourceDate "2018.04.19"]
[SourceVersion "1"]
[SourceVersionDate "2018.04.19"]
[SourceQuality "1"]

1. c4 g6 2. Nc3 Bg7 3. Nf3 e5 4. d4 exd4 5. Nxd4 Nf6 6. Bg5 h6 7. Bh4 0-0 8. e3 d6 9. Be2 Nbd7 10. 0-0 Nc5 11. Qc2 Re8 12. Bf3 g5 13. Bg3 h5 14. h3 g4 15. hxg4 hxg4 16. Be2 Nfe4 17. Bf4 Qh4 18. Nxe4 Nxe4 19. g3 Qh3 20. Rfd1 c5 21. Bf1 Qh5 22. Bg2 cxd4 23. Bxe4 dxe3 24. Bxe3 Qe5 25. Bh7+ Kh8 26. Bd4 Qh5 27. Be4 Bxd4 28. Rxd4 Be6 29. Qd2 Rab8 30. Rxd6 Kg7 31. Qd4+ Kg8 32. Bg2 b6 33. b3 Rbc8 34. Re1 Qf5 35. Qd2 Qf6 36. Bd5 Rb8 37. Bxe6 Rxe6 38. Rexe6 fxe6 39. Qe2 Qf5 40. Qxe6+ Qxe6 41. Rxe6 Kf7 42. Rd6 b5 43. cxb5 Rxb5 44. Rd7+ Ke6 45. Rxa7 Ke5 46. Ra4 Kf5 47. Rc4 Rd5 48. Kg2 Rd2 49. Rf4+ Kg5 50. a4 Ra2 51. Rb4 Kf5 52. Rb5+ Ke4 53. Rg5 Ra3 54. Rxg4+ Kd3 55. Rf4 Kc3 56. g4 1-0

[Event "ISL-chT2 1718"]
[Site "Reykjavik"]
[Date "2018.03.03"]
[Round "7.2"]
[White "Fridjonsson, Julius"]
[Black "Ingvarsson, Kjartan"]
[Result "1-0"]
[WhiteElo "2126"]
[BlackElo "1820"]
[PlyCount "61"]
[EventDate "2017.10.20"]
[EventType "team-tourn"]
[EventRounds "7"]
[EventCountry "ISL"]
[SourceTitle "EXT 2019"]
[Source "ChessBase"]
[SourceDate "2018.10.10"]
[SourceVersion "1"]
[SourceVersionDate "2018.10.10"]
[SourceQuality "1"]
[WhiteTeam "Reykjavik III"]
[BlackTeam "Vinaskakfelagid"]
[WhiteTeamCountry "ISL"]
[BlackTeamCountry "ISL"]

1. c4 Nf6 2. Nc3 g6 3. g3 Bg7 4. Bg2 0-0 5. Nf3 d5 6. cxd5 Nxd5 7. 0-0 e5 8. Nxd5 Qxd5 9. d3 Nc6 10. Be3 Qd6 11. Rc1 Nd4 12. Ng5 c6 13. a3 f5 14. Bxd4 Qxd4 15. Qb3+ Kh8 16. Nf7+ Rxf7 17. Qxf7 Bd7 18. Qc4 Qd6 19. b4 Be6 20. Qc5 Qd7 21. a4 Bb3 22. Qa5 b6 23. Qa6 Rc8 24. a5 Bf8 25. axb6 axb6 26. Qxb6 Ba4 27. Ra1 c5 28. Rfc1 Be7 29. bxc5 Bd8 30. Qd6 Qxd6 31. cxd6 1-0

[Event "Reykjavik Congress"]
[Site "Reykjavik"]
[Date "2018.01.21"]
[Round "4"]
[White "Loftsson, Hrafn"]
[Black "Fridjonsson, Julius"]
[Result "1-0"]
[WhiteElo "2163"]
[BlackElo "2137"]
[PlyCount "71"]
[EventDate "2018.01.10"]
[EventType "swiss"]
[EventRounds "9"]
[EventCountry "ISL"]
[SourceTitle "CBM 182 Extra"]
[Source "ChessBase"]
[SourceDate "2018.02.23"]
[SourceVersion "1"]
[SourceVersionDate "2018.02.23"]
[SourceQuality "1"]

1. d4 d5 2. c4 c6 3. Nf3 Nf6 4. Qb3 g6 5. Nc3 Bg7 6. cxd5 cxd5 7. Bg5 e6 8. e3 0-0 9. Be2 Qa5 10. 0-0 Ne4 11. Be7 Nxc3 12. Qxc3 Qxc3 13. bxc3 Re8 14. Bd6 b6 15. c4 Ba6 16. Rfc1 Rc8 17. cxd5 Rd8 18. Bxa6 Nxa6 19. Rc6 exd5 20. Rac1 Bf8 21. Bxf8 Kxf8 22. Ne5 Ke7 23. h4 f6 24. Nd3 Rd6 25. R6c3 Rd7 26. g4 Rad8 27. g5 Rb7 28. a3 Rdd7 29. gxf6+ Kxf6 30. Nf4 Kf5 31. Rc8 Kg4 32. Kg2 Kxh4 33. Rh1+ Kg5 34. Rf8 h5 35. Rg8 Rd6 36. Rxh5+ 1-0

[Event "Reykjavik Congress"]
[Site "Reykjavik"]
[Date "2018.01.10"]
[Round "1"]
[White "Fridjonsson, Julius"]
[Black "Davidsson, Joshua"]
[Result "1-0"]
[WhiteElo "2137"]
[BlackElo "1496"]
[PlyCount "29"]
[EventDate "2018.01.10"]
[EventType "swiss"]
[EventRounds "9"]
[EventCountry "ISL"]
[SourceTitle "CBM 182 Extra"]
[Source "ChessBase"]
[SourceDate "2018.02.23"]
[SourceVersion "1"]
[SourceVersionDate "2018.02.23"]
[SourceQuality "1"]

1. c4 e5 2. Nc3 Nc6 3. g3 Bc5 4. Bg2 f5 5. e3 Nf6 6. Nge2 0-0 7. d4 exd4 8. exd4 Bb4 9. 0-0 d6 10. Nd5 a6 11. Bg5 h6 12. Nxf6+ gxf6 13. Bxh6 Re8 14. Nf4 Qe7 15. Bd5+ 1-0

[Event "ISL-chT2 1718"]
[Site "Reykjavik"]
[Date "2017.10.22"]
[Round "4.4"]
[White "Fridjonsson, Julius"]
[Black "Ulfsson, Olafur Evert"]
[Result "1-0"]
[WhiteElo "2126"]
[BlackElo "1804"]
[PlyCount "153"]
[EventDate "2017.10.20"]
[EventType "team-tourn"]
[EventRounds "7"]
[EventCountry "ISL"]
[SourceTitle "CBM 181 Extra"]
[Source "ChessBase"]
[SourceDate "2017.12.12"]
[SourceVersion "1"]
[SourceVersionDate "2017.12.12"]
[SourceQuality "1"]
[WhiteTeam "Reykjavik III"]
[BlackTeam "Hrokar alls Fagnadar"]
[WhiteTeamCountry "ISL"]
[BlackTeamCountry "ISL"]

1. c4 e6 2. Nc3 Nf6 3. e4 d5 4. e5 Ne4 5. Nxe4 dxe4 6. Qg4 Qd4 7. Nf3 Qb6 8. Qxe4 c5 9. Bd3 Bd7 10. Qe2 h6 11. 0-0 Nc6 12. Be4 Be7 13. d3 0-0-0 14. a3 f5 15. exf6 gxf6 16. b4 f5 17. Bxc6 Qxc6 18. Bf4 Bd6 19. Ne5 Qc7 20. bxc5 Qxc5 21. d4 Qxd4 22. Rfd1 Qxf4 23. Rxd6 Ba4 24. g3 Qe4 25. Qxe4 fxe4 26. Rxe6 Rd4 27. Nf7 Rf8 28. Rxe4 Rxe4 29. Nd6+ Kc7 30. Nxe4 Bc6 31. Nd2 Rd8 32. Nf1 Rd3 33. Ne3 Bf3 34. h3 h5 35. a4 Kc6 36. a5 Rb3 37. g4 hxg4 38. hxg4 Kd6 39. Kh2 Ke5 40. Kg3 Be2 41. Rc1 Ra3 42. Rb1 Rxa5 43. Rxb7 Ra1 44. Rb2 Bd3 45. Rb5+ Ke4 46. Rb7 a5 47. c5 Rc1 48. Re7+ Kd4 49. Rd7+ Ke4 50. Re7+ Kd4 51. Rd7+ Ke4 52. Nf5 Bf1 53. f3+ Ke5 54. Rd6 Rc3 55. c6 Be2 56. Rd8 Bxf3 57. Re8+ Kf6 58. Rf8+ Ke5 59. Re8+ Kf6 60. Kf4 Bxc6 61. g5+ Kg6 62. Re6+ Kh7 63. g6+ Kg8 64. Ne7+ Kg7 65. Nxc6 Rc4+ 66. Kf5 Rc1 67. Re7+ Kg8 68. Ne5 Rf1+ 69. Ke6 a4 70. Ra7 Rf4 71. Nd3 Rf3 72. Nc5 a3 73. Ne4 Re3 74. Kf6 Rf3+ 75. Ke5 Re3 76. Kf4 Rb3 77. Nf6+ 1-0

[Event "ISL-chT2 1718"]
[Site "Reykjavik"]
[Date "2017.10.20"]
[Round "1.3"]
[White "Steindorsson, Sigurdur Pall"]
[Black "Fridjonsson, Julius"]
[Result "1/2-1/2"]
[WhiteElo "2234"]
[BlackElo "2126"]
[PlyCount "88"]
[EventDate "2017.10.20"]
[EventType "team-tourn"]
[EventRounds "7"]
[EventCountry "ISL"]
[SourceTitle "CBM 181 Extra"]
[Source "ChessBase"]
[SourceDate "2017.12.12"]
[SourceVersion "1"]
[SourceVersionDate "2017.12.12"]
[SourceQuality "1"]
[WhiteTeam "Reykjavik II"]
[BlackTeam "Reykjavik III"]
[WhiteTeamCountry "ISL"]
[BlackTeamCountry "ISL"]

1. c4 c6 2. Nf3 d5 3. b3 Nf6 4. Bb2 Bf5 5. g3 e6 6. Bg2 Nbd7 7. 0-0 h6 8. d3 Bc5 9. Nbd2 0-0 10. a3 a5 11. Qc2 Re8 12. Bc3 Bf8 13. Qb2 c5 14. d4 Ne4 15. Nxe4 Bxe4 16. dxc5 Nxc5 17. Bd4 dxc4 18. bxc4 a4 19. Rad1 Nb3 20. Bc5 Qc7 21. Bxf8 Rxf8 22. Ne5 Bxg2 23. Kxg2 Rfd8 24. Kg1 Ra5 25. Ng4 Ra6 26. Qe5 Qe7 27. Rxd8+ Qxd8 28. Qb5 h5 29. Ne3 Nd4 30. Qxh5 Ra5 31. Qg4 Ra6 32. Rd1 Rd6 33. c5 Rd7 34. Kg2 Nb3 35. Rxd7 Qxd7 36. Qb4 Qc6+ 37. Kg1 Nxc5 38. Qd4 Nd7 39. Nc4 Qd5 40. Qc3 Nc5 41. Ne3 Qc6 42. Qd4 Nd7 43. Qg4 Nc5 44. Qd4 Nd7 1/2-1/2

[Event "Reykjavik op"]
[Site "Reykjavik"]
[Date "2017.04.26"]
[Round "9"]
[White "Le Goff, Damien"]
[Black "Fridjonsson, Julius"]
[Result "1-0"]
[WhiteElo "2278"]
[BlackElo "2126"]
[PlyCount "55"]
[EventDate "2017.04.19"]
[EventType "swiss"]
[EventRounds "10"]
[EventCountry "ISL"]
[SourceTitle "CBM 178 Extra"]
[Source "ChessBase"]
[SourceDate "2017.06.22"]
[SourceVersion "1"]
[SourceVersionDate "2017.06.22"]
[SourceQuality "1"]

1. Nf3 d5 2. g3 Nf6 3. Bg2 c6 4. 0-0 Bf5 5. c4 e6 6. cxd5 exd5 7. d3 Be7 8. Qb3 Qb6 9. Qc2 0-0 10. Nc3 h6 11. e4 Bh7 12. h3 Na6 13. Be3 Qc7 14. Nh4 Qd8 15. Ne2 Nb4 16. Qb1 dxe4 17. dxe4 Qd3 18. Nc3 Qxb1 19. Raxb1 Nc2 20. Bd2 Rad8 21. Rbd1 Rfe8 22. Nf5 Bf8 23. g4 Nb4 24. Be3 Nd3 25. Rd2 Nc5 26. Rxd8 Rxd8 27. f3 Bxf5 28. gxf5 1-0

[Event "ISL-chT2 1617"]
[Site "Reykjavik"]
[Date "2017.03.04"]
[Round "7.2"]
[White "Pantzar, Milton"]
[Black "Fridjonsson, Julius"]
[Result "1-0"]
[WhiteElo "2077"]
[BlackElo "2131"]
[PlyCount "91"]
[EventDate "2016.09.30"]
[EventType "team-tourn"]
[EventRounds "7"]
[EventCountry "ISL"]
[SourceTitle "EXT 2018"]
[Source "ChessBase"]
[SourceDate "2017.10.13"]
[SourceVersion "1"]
[SourceVersionDate "2017.10.13"]
[SourceQuality "1"]
[WhiteTeam "Gardabaer"]
[BlackTeam "Reykjavik III"]
[WhiteTeamCountry "ISL"]
[BlackTeamCountry "ISL"]

1. d4 d5 2. c4 c6 3. Nc3 Nf6 4. e3 g6 5. Nf3 Bg7 6. b3 0-0 7. Be2 Ne4 8. Bb2 Nxc3 9. Bxc3 Nd7 10. 0-0 Nf6 11. Bb2 Ne4 12. Nd2 Nd6 13. h3 Bf5 14. Rc1 g5 15. Ba3 Re8 16. Bxd6 Qxd6 17. Nf3 h6 18. Bd3 Be4 19. cxd5 Qxd5 20. Bxe4 Qxe4 21. Rc4 Rad8 22. Qe2 Rd6 23. Rfc1 Red8 24. Qc2 Qxc2 25. R1xc2 e6 26. Kf1 Kf8 27. Ke2 Rd5 28. Ra4 a6 29. Rac4 Ke8 30. a4 f5 31. g4 Bf8 32. Ne5 c5 33. Nf3 b6 34. dxc5 Bxc5 35. b4 Bd6 36. Rc6 Rb8 37. Nd4 Kd7 38. b5 a5 39. Rd2 fxg4 40. hxg4 Rc5 41. Rxc5 bxc5 42. Nb3 c4 43. Nxa5 c3 44. Rc2 Ra8 45. Nc4 Ke7 46. a5 1-0

[Event "ISL-chT 1516"]
[Site "Reykjavik"]
[Date "2015.09.25"]
[Round "2.5"]
[White "Gunnarsson, Jon Viktor"]
[Black "Fridjonsson, Julius"]
[Result "1-0"]
[WhiteElo "2458"]
[BlackElo "2153"]
[PlyCount "65"]
[EventDate "2015.09.24"]
[EventType "team-tourn"]
[EventRounds "9"]
[EventCountry "ISL"]
[SourceTitle "EXT 2017"]
[Source "ChessBase"]
[SourceDate "2016.10.25"]
[SourceVersion "1"]
[SourceVersionDate "2016.10.25"]
[SourceQuality "1"]
[WhiteTeam "Reykjavik"]
[BlackTeam "Reykjavik II"]
[WhiteTeamCountry "ISL"]
[BlackTeamCountry "ISL"]

1. e4 c5 2. b3 Nc6 3. Bb2 d6 4. f4 Nf6 5. Nc3 g6 6. Bb5 Bg7 7. Bxc6+ bxc6 8. Qf3 0-0 9. h3 Rb8 10. d3 Ne8 11. Nge2 Nc7 12. Na4 Ne6 13. Bxg7 Kxg7 14. c3 Qa5 15. 0-0 f6 16. Nb2 Bd7 17. Nc4 Qc7 18. Ne3 Nd8 19. h4 Nf7 20. f5 Rg8 21. d4 Qa5 22. Nc4 Qb5 23. fxg6 hxg6 24. e5 dxe5 25. dxe5 f5 26. Nf4 Nd8 27. Rad1 Qb7 28. Qg3 Kh7 29. h5 g5 30. Ng6 Rxg6 31. hxg6+ Kxg6 32. e6 Bxe6 33. Qe5 1-0

[Event "ISL-chT 1314"]
[Site "Reykjavik"]
[Date "2013.10.13"]
[Round "5.4"]
[White "Henrichs, Thomas"]
[Black "Fridjonsson, Julius"]
[Result "1-0"]
[WhiteElo "2476"]
[BlackElo "2177"]
[PlyCount "55"]
[EventDate "2013.10.10"]
[EventType "team-tourn"]
[EventRounds "9"]
[EventCountry "ISL"]
[SourceTitle "EXT 2014"]
[Source "ChessBase"]
[SourceDate "2013.11.20"]
[SourceVersion "1"]
[SourceVersionDate "2013.11.20"]
[SourceQuality "1"]
[WhiteTeam "Fjolnis"]
[BlackTeam "Reykjavik"]
[WhiteTeamCountry "ISL"]
[BlackTeamCountry "ISL"]

1. d4 f5 2. c4 Nf6 3. Nc3 e6 4. Nf3 d5 5. Bf4 c6 6. e3 Be7 7. Bd3 0-0 8. Qc2 Nbd7 9. cxd5 cxd5 10. Nb5 Nb6 11. Nc7 Rb8 12. Nxd5 Nbxd5 13. Bxb8 Nb4 14. Qd1 Nxd3+ 15. Qxd3 Qa5+ 16. Kd1 Bd7 17. Bg3 Nd5 18. Nd2 Rc8 19. Nc4 Qa6 20. b3 Nb4 21. Qe2 Bb5 22. a3 Nd5 23. Qd3 Nb6 24. a4 Nxc4 25. Ke2 Na3 26. axb5 Rc2+ 27. Qxc2 Qxb5+ 28. Qd3 1-0

[Event "ISL-chT 1314"]
[Site "Reykjavik"]
[Date "2013.10.10"]
[Round "1.2"]
[White "Kristinsson, Magnus"]
[Black "Fridjonsson, Julius"]
[Result "0-1"]
[WhiteElo "1845"]
[BlackElo "2177"]
[PlyCount "162"]
[EventDate "2013.10.10"]
[EventType "team-tourn"]
[EventRounds "9"]
[EventCountry "ISL"]
[SourceTitle "EXT 2014"]
[Source "ChessBase"]
[SourceDate "2013.11.20"]
[SourceVersion "1"]
[SourceVersionDate "2013.11.20"]
[SourceQuality "1"]
[WhiteTeam "Reykjavik II"]
[BlackTeam "Reykjavik"]
[WhiteTeamCountry "ISL"]
[BlackTeamCountry "ISL"]

1. e4 c5 2. Nf3 Nc6 3. d4 cxd4 4. Nxd4 e6 5. Nc3 Nf6 6. Be3 Bb4 7. Bd3 d5 8. 0-0 Bxc3 9. bxc3 dxe4 10. Bb5 Qc7 11. Ba4 0-0 12. Bxc6 bxc6 13. Nb3 Ba6 14. Re1 Rad8 15. Qc1 Ng4 16. Bf4 e5 17. Bg5 f6 18. Be3 Nxe3 19. Qxe3 f5 20. Nc5 Bc8 21. Rab1 Qa5 22. Nb7 Bxb7 23. Rxb7 Rf7 24. Rb2 h6 25. h3 Rfd7 26. Reb1 Qd5 27. Rb7 Qxa2 28. R1b2 Qc4 29. Qxa7 Qd5 30. Rc7 Rxc7 31. Qxc7 Qd6 32. Qa7 Qf6 33. Rb7 Kh7 34. Rf7 Rd1+ 35. Kh2 Qg5 36. g3 Rd2 37. Kg1 Rxc2 38. Qd7 e3 39. Rxg7+ Qxg7 40. Qxf5+ Qg6 41. Qd7+ Kg8 42. Qc8+ Kh7 43. Qd7+ Kh8 44. Qd8+ Kg7 45. Qd7+ Kf6 46. Qd6+ Kf5 47. Qd3+ Kg5 48. Qxe3+ Kf6 49. Qc5 Qe8 50. Qd6+ Kg7 51. Qd1 Ra2 52. Qg4+ Kh8 53. Qh4 Ra7 54. Qxh6+ Kg8 55. Qg5+ Rg7 56. Qh4 Qe6 57. Qd8+ Kf7 58. h4 Rg8 59. Qd1 Qg4 60. Qd6 Qe6 61. Qd1 Ke7 62. Qa4 Rd8 63. Qa7+ Rd7 64. Qc5+ Qd6 65. Qe3 Qf6 66. Qe4 Kd6 67. Qb4+ Kc7 68. Qa5+ Kc8 69. Qa8+ Kc7 70. Qa5+ Kd6 71. Qb4+ Ke6 72. Qg4+ Ke7 73. Qb4+ Qd6 74. Qe4 Qd5 75. Qh7+ Kd6 76. Qh6+ Kc7 77. Qe3 Kb7 78. Kh2 Rf7 79. Kg1 Qf3 80. Qc5 Rd7 81. Qf8 Qxf8 0-1

[Event "ISL-chT 1011"]
[Site "Reykjavik"]
[Date "2011.03.05"]
[Round "6.1"]
[White "Fridjonsson, Julius"]
[Black "Arnason, Jon Loftur"]
[Result "0-1"]
[WhiteElo "2179"]
[BlackElo "2490"]
[PlyCount "38"]
[EventDate "2010.10.08"]
[EventType "team-tourn"]
[EventRounds "9"]
[EventCountry "ISL"]
[SourceTitle "EXT 2012"]
[Source "ChessBase"]
[SourceDate "2011.11.24"]
[SourceVersion "1"]
[SourceVersionDate "2011.11.24"]
[SourceQuality "1"]
[WhiteTeam "TR"]
[BlackTeam "TB"]
[WhiteTeamCountry "ISL"]
[BlackTeamCountry "ISL"]

1. c4 c5 2. Nc3 Nc6 3. g3 g6 4. Bg2 Bg7 5. a3 d6 6. Rb1 Bd7 7. d3 Rb8 8. Bd2 Nf6 9. b4 0-0 10. Nf3 Qc8 11. 0-0 Bh3 12. Re1 Bxg2 13. Kxg2 Re8 14. Qa4 Nd7 15. h3 Nd4 16. Nxd4 cxd4 17. Nd5 b5 18. Qxa7 e6 19. Nf4 Ra8 0-1

[Event "ISL-chT 1011"]
[Site "Reykjavik"]
[Date "2010.10.10"]
[Round "4.2"]
[White "Fridjonsson, Julius"]
[Black "Jonsson, Olafur Gisli"]
[Result "1-0"]
[WhiteElo "2179"]
[BlackElo "1891"]
[PlyCount "105"]
[EventDate "2010.10.08"]
[EventType "team-tourn"]
[EventRounds "9"]
[EventCountry "ISL"]
[SourceTitle "EXT 2012"]
[Source "ChessBase"]
[SourceDate "2011.11.24"]
[SourceVersion "1"]
[SourceVersionDate "2011.11.24"]
[SourceQuality "1"]
[WhiteTeam "TR"]
[BlackTeam "KR CC"]
[WhiteTeamCountry "ISL"]
[BlackTeamCountry "ISL"]

1. c4 e5 2. Nc3 Nf6 3. g3 d5 4. cxd5 Nxd5 5. Bg2 Nb6 6. Nf3 Nc6 7. 0-0 Be7 8. a3 a5 9. d3 0-0 10. Be3 Be6 11. Ne4 Nd5 12. Bc5 b6 13. Bxe7 Ndxe7 14. Rc1 f6 15. Qa4 Qd7 16. Rc2 Rad8 17. Rfc1 Bd5 18. Nc3 Bxf3 19. Bxf3 Nd4 20. Qc4+ Kh8 21. Bg2 Nxc2 22. Rxc2 c5 23. Rc1 Qd4 24. Qb3 Qd6 25. Na4 Rb8 26. Nc3 Rfd8 27. Qa4 Qd4 28. Qb5 f5 29. Qb3 Qd6 30. Nb5 Qf6 31. Nc3 Rd6 32. Nb5 Rd7 33. Nc3 Rbd8 34. Qb5 h6 35. Qa4 Rd4 36. Qb3 R4d6 37. Qb5 Qe6 38. Qa4 Ng8 39. Bh3 Qg6 40. Nb5 Rd5 41. Qc4 e4 42. Nc7 R5d6 43. dxe4 Rd1+ 44. Rxd1 Rxd1+ 45. Kg2 fxe4 46. Ne6 e3 47. Nf4 Qc6+ 48. f3 Qd6 49. Qf7 Ne7 50. Ne6 Rg1+ 51. Kxg1 Nf5 52. Qe8+ Kh7 53. Bxf5+ 1-0